000 01208nam a2200325 i 4500
001 000006896
003 DO-SdBNP
005 20260519125101.0
007 ta
008 090903s1986 dr 001 0 spa d
040 _aDO-SdBNP
_bspa
_cBNPHU
_erda
041 _aspa
082 4 _a972.93053
_bR621r 1986
_222
100 1 _aRivera, Tirso,
_dautor
_4aut.
_919129
245 1 0 _aRelación de los bienes e inversiones de Rafael Leonidas Trujillo Molina, esposa e hijos al día 5 de julio de 1961 /
_cTirso Rivera.
250 _asegunda edición
264 4 _aSanto Domingo :
_bEdiciones de Taller
_c©1986.
300 _a101 páginas ;
_c23 cm.
336 _2texto
_atxt
_brdacontent
337 _2sin mediación
_an
_brdamedia
338 _0volumen
_2nc
_ardacarrier
490 0 _aBiblioteca Taller ;
_v63
500 _aIncluye índice
500 _aRealizada por el señor Tirso Revera encargado de su oficina particular
590 _aInventariado, 2023/MFF
600 1 4 _aTrujillo Molina, Rafael Leónidas,
_d1891-1961
_xFinanzas personales
_983176
740 0 _a Bienes e inversiones de Rafael L. Trujillo Molina, e Esposa e hijos.
910 _aValidado. Control de calidad MFF
942 _2ddc
_cLBS1
999 _c6682
_d6682